| 000 | nam a22 a 4500 | ||
|---|---|---|---|
| 999 |
_c341803 _d341803 |
||
| 003 | BLK | ||
| 005 | 20221012130407.0 | ||
| 008 | 180911b bul|||||r ||||||| ||bul|| | ||
| 010 | _a001433 | ||
| 040 | _aBLK | ||
| 041 |
_aBUL _cBUL |
||
| 080 |
_aПолска литература _b821.162.1 _x(092) _z821.162.1(092) |
||
| 080 |
_aПолски поет _b929 Мицкевич, Адам Бернард _z929 Мицкевич, Адам Бернард |
||
| 100 | 1 |
_aКуев, Куйо Марков _eпърви автор _985155 |
|
| 139 | _aКуев, Куйо Марков | ||
| 245 | 0 | 0 |
_aРазвитие на Адам Мицкевичевите революционни възгледи след 1830 _cК. Куев |
| 260 |
_aСофия _bСоф. унив. _c1957 _fНаука и изкуство |
||
| 300 |
_a158 с _c24 см |
||
| 380 | _a82 | ||
| 490 |
_aЧастна колекция - Академик Михаил Арнаудов _gДарение - Основен фонд |
||
| 500 | _aАвтограф с текст: На проф. М. Арнаудов с уважение София, 27. VI. 1960 К. Куев; ; Адрес : К. Куев, София, ул. Кр. Сарафов 14 а.; Отпеч. от Год. СУ "Св. Кл. Охридски", Филол. фак.: Т. LII.-1. - 1956-1957. - с. 59-217. | ||
| 600 | 0 |
_aМицкевич, Адам Бернард _9260133 |
|
| 650 | 0 |
_aПолска литература - история _9266852 |
|
| 653 | 7 |
_9189974 _aлитературна критика |
|
| 852 |
_aМА 4162 _bМА |
||
| 856 |
_i0.00 _ldisable |
||
| 942 |
_cKNG _n0 _s1 |
||
| 944 |
_aCR _c1994 |
||
| 999 | _d341803 | ||
| 999 | _d341803 | ||
| 999 | _d341803 | ||